| 000 | 00815nas a2200277 4500 | ||
|---|---|---|---|
| 001 | BR9700673 | ||
| 003 | BR-BrBNA | ||
| 005 | 20231205095953.0 | ||
| 007 | ta | ||
| 008 | 230509b bl.|||p| |||| 00| 00por d | ||
| 040 |
_aBR-BrBNA _bpor _cBiblioteca Nacional de Agricultura |
||
| 041 | _a(Pt) | ||
| 072 | _aL01 | ||
| 100 | 1 | _aSilva, R.M.B. da | |
| 100 | 1 | _aMorete, A.C. de C.C. | |
| 100 | 1 | _aSilva, E.C.A. de | |
| 100 | 1 | _aAlves, M.L.T.F. | |
| 245 | 1 | _aFluxo nectarifero na regiao de Pindamonhangaba, SP. 1. Periodos de secrecao | |
| 650 | _aNectar | ||
| 650 | _aAbelha | ||
| 650 | _aColmeia | ||
| 650 | _aSao Paulo | ||
| 773 | 0 |
_tBoletim de Industria Animal (Brazil) _xISSN 0067-9615 _g(Jan-Jun 1995), v. 52(1) p. 23-28 _wBR9700673 |
|
| 909 |
_a202311 _bLúcia _c55 _dLúcia Elande |
||
| 942 |
_2AGRIS _n0 _cANA |
||
| 999 |
_c153731 _d153731 |
||